Выравнивание электроэрозионого износа ускорительного канала КМПУ за счёт его экранирования; Современные техника и технологии; Т. 1
| Parent link: | Современные техника и технологии: сборник трудов XVI Международной научно-практической конференции студентов, аспирантов и молодых ученых, Томск, 12-16 апреля 2010 г/ Национальный исследовательский Томский политехнический университет (ТПУ).— , 2010 Т. 1.— 2010.— [С. 45-47] |
|---|---|
| Autor principal: | |
| Altres autors: | , |
| Sumari: | Заглавие с титульного листа Электронная версия печатной публикации |
| Idioma: | rus |
| Publicat: |
2010
|
| Matèries: | |
| Accés en línia: | http://www.lib.tpu.ru/fulltext/v/Conferences/2010/K04/104021.pdf |
| Format: | MixedMaterials Electrònic Capítol de llibre |
| KOHA link: | https://koha.lib.tpu.ru/cgi-bin/koha/opac-detail.pl?biblionumber=226204 |
MARC
| LEADER | 00000nla2a2200000 4500 | ||
|---|---|---|---|
| 001 | 226204 | ||
| 005 | 20231221095600.0 | ||
| 035 | |a (RuTPU)RU\TPU\book\246572 | ||
| 035 | |a RU\TPU\book\246571 | ||
| 090 | |a 226204 | ||
| 100 | |a 20121119d2010 k y0rusy50 ca | ||
| 101 | 0 | |a rus | |
| 102 | |a RU | ||
| 105 | |a y z 101zy | ||
| 135 | |a drnn ---uucaa | ||
| 181 | 0 | |a i | |
| 182 | 0 | |a b | |
| 200 | 1 | |a Выравнивание электроэрозионого износа ускорительного канала КМПУ за счёт его экранирования |f Д. Ю. Герасимов, А. А. Евдокимов |g науч. рук. А. А. Сивков | |
| 203 | |a Текст |c электронный | ||
| 215 | |a 1 файл (380 Кб) | ||
| 300 | |a Заглавие с титульного листа | ||
| 300 | |a Электронная версия печатной публикации | ||
| 337 | |a Adobe Reader | ||
| 461 | 0 | |0 (RuTPU)RU\TPU\book\245271 |t Современные техника и технологии |o сборник трудов XVI Международной научно-практической конференции студентов, аспирантов и молодых ученых, Томск, 12-16 апреля 2010 г |o в 3 т. |f Национальный исследовательский Томский политехнический университет (ТПУ) |d 2010 | |
| 463 | 0 | |0 (RuTPU)RU\TPU\book\245275 |t Т. 1 |v [С. 45-47] |d 2010 |p [511 с.] | |
| 610 | 1 | |a ускорительные каналы | |
| 610 | 1 | |a износ | |
| 610 | 1 | |a электроэрозия | |
| 610 | 1 | |a экранирование | |
| 610 | 1 | |a магнитоплазменные ускорители | |
| 610 | 1 | |a электронный ресурс | |
| 610 | 1 | |a труды учёных ТПУ | |
| 700 | 1 | |a Герасимов |b Д. Ю. |c специалист в области электроэнергетики |c доцент Томского политехнического университета, кандидат технических наук |f 1980- |g Дмитрий Юрьевич |3 (RuTPU)RU\TPU\pers\26563 |9 12252 | |
| 701 | 1 | |a Евдокимов |b А. А. |c специалист в области электроснабжения промышленных предприятий |c инженер-проектировщик Томского политехнического университета |f 1987- |g Андрей Анатольевич |3 (RuTPU)RU\TPU\pers\27065 | |
| 702 | 1 | |a Сивков |b А. А. |4 727 | |
| 801 | 1 | |a RU |b 63413507 |c 20121116 | |
| 801 | 2 | |a RU |b 63413507 |c 20130418 |g RCR | |
| 856 | 4 | |u http://www.lib.tpu.ru/fulltext/v/Conferences/2010/K04/104021.pdf | |
| 942 | |c CF | ||